[Event "BEL-ch U18"]
[Site "Blankenberge"]
[Date "2014.04.14"]
[Round "2"]
[White "Mouratidis, Christos"]
[Black "Faymonville, Maxime"]
[Result "1/2-1/2"]
[WhiteElo "1548"]
[BlackElo "1520"]
[PlyCount "68"]
[EventDate "2014.04.??"]
[EventType "swiss"]
[EventRounds "9"]
[EventCountry "BEL"]
[SourceTitle "EXT 2015"]
[Source "ChessBase"]
[SourceDate "2014.11.20"]
[SourceVersion "1"]
[SourceVersionDate "2014.11.20"]
[SourceQuality "1"]

1. e4 e5 2. Bc4 Bc5 3. Nf3 d6 4. Nc3 Nc6 5. Na4 Bb6 6. Nxb6 axb6 7. d4 Nxd4 8. Nxd4 exd4 9. Qxd4 Qf6 10. Be3 Be6 11. Bxe6 fxe6 12. e5 Qxe5 13. Qxe5 dxe5 14. 0-0 Ne7 15. Rfe1 0-0 16. Bd2 Nc6 17. Bc3 Rf5 18. Re2 Rd8 19. Rae1 Rd5 20. f3 h5 21. Kf2 Kf7 22. h3 Rg5 23. g4 h4 24. Ke3 Nd4 25. Rd2 c5 26. b4 Ke7 27. bxc5 bxc5 28. Bxd4 exd4+ 29. Kf4 Rg6 30. Ke4 Kd7 31. c3 Kd6 32. cxd4 cxd4 33. Rxd4 Rxd4+ 34. Kxd4 Kd7 1/2-1/2

[Event "BEL-ch U18"]
[Site "Blankenberge"]
[Date "2014.04.13"]
[Round "1"]
[White "Lagaert, Lisa"]
[Black "Mouratidis, Christos"]
[Result "1/2-1/2"]
[WhiteElo "1848"]
[BlackElo "1548"]
[PlyCount "56"]
[EventDate "2014.04.??"]
[EventType "swiss"]
[EventRounds "9"]
[EventCountry "BEL"]
[SourceTitle "EXT 2015"]
[Source "ChessBase"]
[SourceDate "2014.11.20"]
[SourceVersion "1"]
[SourceVersionDate "2014.11.20"]
[SourceQuality "1"]

1. d4 d5 2. Bf4 Nf6 3. e3 Bf5 4. c4 c6 5. Nc3 e6 6. Qb3 Qb6 7. c5 Qxb3 8. axb3 Nbd7 9. b4 Nh5 10. b5 Nxf4 11. exf4 g5 12. fxg5 Bg7 13. Nf3 Bg4 14. Ne5 Nxe5 15. dxe5 Bxe5 16. Na4 Ke7 17. Ra3 b6 18. bxc6 bxc5 19. Ba6 Kd6 20. Bb7 Rag8 21. 0-0 Rxg5 22. Rc1 Kc7 23. Nc3 Kb8 24. Nb5 Be2 25. Rxc5 Bxb5 26. Rxb5 Bd6 27. Rc3 Bc7 28. Ra3 Rgg8 1/2-1/2